000
00253nam a2200097Ia 4500
001
1229220
005
20250827093056.0
008
250824s9999 xx 000 0 und d
245
0
_a
ÖLÜMSÜZ ECE
_c
GÜLTEN DAYIOĞLU
260
_b
ALTIN KİTAPLAR YAYINLARI
999
_c
1229220
_d
1229220